00543nam a2200157Ia 4500008004100000082001400041100002800055245004800083600001100131630004800142700001100190730004800201942000900249999001700258952011000275090122s9999 xx 000 0 und d b3961a823 aGlebovb"Oleg,"cVitaly aD. Danin Probabilities of the Quantum World aGlebov aD. Danin Probabilities of the Quantum World aGlebov aD. Danin Probabilities of the Quantum World cBOOK c28039d28039 00104070aDOMGRANTHbDOMGRANTHd2009-01-22l0o3961pDOM-3961r2009-01-22 00:00:00t1w2009-01-22yBOOK